Development of Algorithms for a Self-Driving Car on the RPi4 Platform

Na minha lista:
Detalhes bibliográficos
Autor principal: Severin, Yevhenii (Author)
Outros Autores: Czanner, Silvester (Thesis advisor)
Formato: Manuscrito Livro
Idioma:eslovaco
inglês
Publicado em: 2025
Assuntos:
Acesso em linha:http://is.stuba.sk/zp/portal_zp.pl?podrobnosti=178168
Tags: Adicionar Tag
Sem tags, seja o primeiro a adicionar uma tag!

MARC

LEADER 00000ntm a22000003a 4500
001 stuzp102831
003 SK-STU
005 20250614211525.7
007 ta
008 150427s2015----xo-----f-mn---000-0-slo-d
040 |a STU  |b slo 
041 0 |a eng 
100 1 |a Severin, Yevhenii  |u 070200  |4 aut  |U FIIT Fakulta informatiky a informačných technológií  |T FIIT Ústav informatiky, informačných systémov a softvérového inžinierstva  |X 122413  |U I200  |Y 179  |7 122413 
242 0 1 |a Vývoj algoritmov pre autonómne vozidlo na platforme RPi4  |y slo 
245 1 0 |a Development of Algorithms for a Self-Driving Car on the RPi4 Platform 
260 |c 2025 
650 4 |a autopilot software  |2 eng 
650 4 |a artificial intelligence  |2 eng 
650 4 |a neural networks  |2 eng 
650 4 |a Convolutional Neural Network  |2 eng 
650 4 |a self-driving vehicles  |2 eng 
650 4 |a Autopilotný softvér  |2 slo 
650 4 |a neurónové siete  |2 slo 
650 4 |a samojazdiace vozidlá  |2 slo 
650 4 |a Konvolučná neurónová sieť  |2 slo 
650 4 |a umelá inteligencia  |2 slo 
700 1 |a Czanner, Silvester  |u 070200  |k Z1  |4 ths  |U FIIT Fakulta informatiky a informačných technológií  |T FIIT Ústav informatiky, informačných systémov a softvérového inžinierstva  |X 114747  |U I200  |Y 179  |7 114747 
856 4 |u http://is.stuba.sk/zp/portal_zp.pl?podrobnosti=178168